00317nam a2200121Ia 4500008004100000041000800041082001200049100001500061245004400076260003200120300003200152365001100184240624s9999 xx 000 0 und d aeng a828 RAO aRAO GAURAV aMAGICIAN IN THE DESERT MERU CABS A TRUE c2016aNew DelhibBloomsbury aviii, : 136 : p. : cm. ; 22 cRSb30